| 000 | 01290nas a2200433 4500 | ||
|---|---|---|---|
| 001 | BR0500214 | ||
| 003 | BR-BrBNA | ||
| 005 | 20231205105053.0 | ||
| 007 | ta | ||
| 008 | 230509b bl.|||p| |||| 00| 00por d | ||
| 040 |
_aBR-BrBNA _bpor _cBiblioteca Nacional de Agricultura |
||
| 041 | _a(Pt) | ||
| 072 | _aL01; L50 | ||
| 100 | 1 | _aOliveira, E.R. de | |
| 100 | 1 | _aDias, D.S. de O. | |
| 100 | 1 | _aFerreira, R.N.Acypreste, C.S. | |
| 100 | 1 | _aVieira, D. | |
| 100 | 1 | _aDias, M.J. | |
| 245 | 1 | _aEstudo da eficiência do calcário calcítico, do carbonato de cálcio e do óxido de magnésio no controle do pH ruminal | |
| 650 | _aOVINO | ||
| 650 | _aRAÇA | ||
| 650 | _aPH | ||
| 650 | _aRÚMEN | ||
| 650 | _aPERFORMANCE | ||
| 650 | _aCALCÁRIO CALCÍTICO | ||
| 650 | _aÓXIDO DE MAGNÉSIO | ||
| 650 | _aDIETA | ||
| 650 | _aCONFINAMENTO | ||
| 650 | _aGAIOLA DE METABOLISMO | ||
| 650 | _aTRATAMENTO | ||
| 650 | _aPROTEÍNA BRUTA | ||
| 650 | _aANÁLISE COMPARATIVA | ||
| 650 | _aCONCENTRADO ENERGÉTICO | ||
| 650 | _aCONCENTRADO PROTEÍCO | ||
| 650 | _aEFICIÊNCIA NUTRICIONAL | ||
| 773 | 0 |
_tCiência Animal Brasileira (Brazil) _xISSN 1518-2797 _g(Jan-Jun 2003), v. 4(1) p. 25-32 _wBR0500214 |
|
| 909 |
_a202311 _bLúcia _c55 _dLúcia Elande |
||
| 942 |
_2AGRIS _n0 _cANA |
||
| 999 |
_c181094 _d181094 |
||